[Event "FRA-ch op-A"]
[Site "Pau"]
[Date "2008.08.14"]
[Round "3"]
[White "Ralle, Pierre"]
[Black "Lograda, Alexis"]
[Result "1/2-1/2"]
[WhiteElo "2113"]
[BlackElo "2033"]
[PlyCount "42"]
[EventDate "2008.08.11"]
[EventType "swiss"]
[EventRounds "9"]
[EventCountry "FRA"]
[SourceTitle "CBM 126 Extra"]
[Source "ChessBase"]
[SourceDate "2008.11.05"]
[SourceVersion "1"]
[SourceVersionDate "2008.11.05"]
[SourceQuality "1"]

1. Nf3 c5 2. c4 e6 3. Nc3 Nf6 4. g3 b6 5. Bg2 Bb7 6. 0-0 Be7 7. d4 cxd4 8. Nxd4 Bxg2 9. Kxg2 a6 10. e4 d6 11. b3 Qc7 12. Bb2 Nbd7 13. Qe2 0-0 14. Rad1 Rfe8 15. f4 Bf8 16. Qf3 e5 17. Nde2 exf4 18. gxf4 b5 19. Nd5 Nxd5 20. Rxd5 bxc4 21. Rc1 Qb7 1/2-1/2

[Event "FRA-ch op-A"]
[Site "Pau"]
[Date "2008.08.12"]
[Round "1"]
[White "Renaudin, Mathieu"]
[Black "Lograda, Alexis"]
[Result "1-0"]
[WhiteElo "2146"]
[BlackElo "2033"]
[PlyCount "133"]
[EventDate "2008.08.11"]
[EventType "swiss"]
[EventRounds "9"]
[EventCountry "FRA"]
[SourceTitle "CBM 126 Extra"]
[Source "ChessBase"]
[SourceDate "2008.11.05"]
[SourceVersion "1"]
[SourceVersionDate "2008.11.05"]
[SourceQuality "1"]

1. Nf3 g6 2. c4 Bg7 3. d4 c5 4. d5 d6 5. Nc3 Nf6 6. e4 0-0 7. Be2 a6 8. 0-0 Bg4 9. Bg5 h6 10. Be3 Nbd7 11. a4 Kh7 12. h3 Bxf3 13. Bxf3 Rb8 14. Qc2 b6 15. Rad1 Ne8 16. Be2 Nc7 17. f4 b5 18. cxb5 axb5 19. Nxb5 Na6 20. Bd2 Nb4 21. Qb3 Qb6 22. Kh1 Qa5 23. Rc1 Ra8 24. Nc3 Rfb8 25. Bb5 Nb6 26. Qd1 Qa7 27. b3 Rf8 28. Be3 Qa5 29. Rf3 Bxc3 30. Rxc3 N4xd5 31. Rd3 Nxe3 32. Rfxe3 Rac8 33. e5 dxe5 34. Rxe5 e6 35. Qe1 Qxe1+ 36. Rxe1 c4 37. bxc4 Nxc4 38. Rd7 Kg8 39. Re4 Na5 40. Red4 Kg7 41. Ra7 Nc6 42. Bxc6 Rxc6 43. a5 g5 44. Kh2 Kf6 45. a6 gxf4 46. Rxf4+ Kg5 47. Ra4 f5 48. Rb7 Ra8 49. a7 Rcc8 50. Rab4 Rc6 51. Ra4 Rcc8 52. Ra6 Kf6 53. Rh7 Ke5 54. Rxh6 Rc7 55. Rhxe6+ Kd5 56. Rf6 Ke5 57. Rae6+ Kd5 58. Re2 Raxa7 59. Rxf5+ Kd4 60. Rf4+ Kd3 61. Ref2 Rg7 62. R2f3+ Ke2 63. Re4+ Kd2 64. Rb4 Kc1 65. Rf2 Ra3 66. Rbb2 Rgg3 67. Ra2 1-0